Universo escultórico mesoamericano (notice nᵒ 4871)
[ vue normale ]
| 000 -Sello discográfico | |
|---|---|
| campo de control de longitud fija | 00960nam0a2200289 4500 |
| 005 - Identificación de versión | |
| campo de control | 20251016083923.0 |
| 010 ## - Número Estándar Internacional de Libros (ISBN) | |
| Número (ISBN) | 970-18-8428-0 |
| 099 ## - fechas locales | |
| Tipo de ítem Koha | LIBRO |
| 100 ## - Datos de procesamiento general | |
| Datos de procesamiento general | 20110906d20021996m y0spay5003 ba |
| 105 ## - Campo de datos codificados: Material textual, monográfico | |
| Datos codificados de monografía | a 001zy |
| 200 1# - Título y mención de responsabilidad | |
| Título propio | Universo escultórico mesoamericano |
| Designación general del material | texto impreso |
| Primer mención de responsabilidad | Ana Ortega |
| 205 ## - Declaración de edición | |
| Declaración de edición | 1a reimpr de la 1a ed |
| 210 ## - Publicación, distribución, etc. | |
| Lugar de publicación, distribución, etc. | México |
| Nombre del editor, distribuidor, etc. | Consejo Nacional para la Cultura y las Artes |
| Fecha de publicación, distribución, etc. | 2002 |
| 215 ## - Descripción física | |
| Designación de material específico y extensión del ítem | 32 p |
| Otras características físicas | il. |
| Dimensiones | 17 cm |
| 345 ## - Nota de información de adquisición | |
| Fuente de adquisición/dirección de la suscripción [OBSOLETO] | Donación |
| 410 #1 - Series | |
| Título | Círculo de Arte |
| 606 ## - Término temático usado como materia | |
| Elemento de entrada | Escultura indígena |
| Subdivisión geográfica | América Central |
| Número Koha | 9436 |
| 607 ## - Nombre geográfico utilizado como tema | |
| Elemento de entrada | América Central |
| Subdivisión temática | Antigüedades |
| Número Koha | 2367 |
| 700 ## - Nombre personal - Responsabilidad primaria | |
| Elemento de entrada | Garduño Ortega |
| Parte del nombre distinta del elemento de entrada | Ana |
| Número Koha | 9437 |
| 801 #0 - Fuente de origen | |
| País | FR |
| Agencia | cm |
| Reglas de catalogación (convenciones descriptivas) | AFNOR |
| 900 ## - | |
| -- | 1/20323 |
| 942 ## - ELEMENTOS DE ENTRADA SECUNDARIOS (KOHA) | |
| Tipo de ítem Koha | Livre |
| 996 ## - | |
| -- | MEX |
| -- | 751145101 |
| -- | MMAG |
| -- | 008298 |
| -- | 704.9 C571 V.3 |
| -- | 20230726LIV |
| 996 ## - | |
| -- | MEX |
| -- | 751145101 |
| -- | MMAG |
| -- | 008948 |
| -- | 972.01 O77UN |
| -- | 20231103LIV |
| Estatus retirado | Estado de daño | Estado de pérdida | Fecha de adquisición | Biblioteca de origen | Biblioteca actual | Ubicación en estantería | Código de barras | Precio de reemplazo | Signatura topográfica completa | No para préstamo | Tipo de ítem Koha | Nota pública | Nota no pública |
|---|---|---|---|---|---|---|---|---|---|---|---|---|---|
| 05/08/2025 | Casa México Paris | Casa México Paris | 008298 | 05/08/2025 | 704.9 C571 V.3 | Livre | 20230726LIV | 751145101 |